000 00411nam a22001457a 4500
003 OSt
005 20180207203244.0
008 180207b xxu||||| |||| 00| 0 eng d
100 _926220
_aLeyco, Chino S.
245 _aDOF implements austerity program/
_cChino S. Leyco.
260 _aPhilippines:
_bManila Bulletin,
_cc2016.
300 _apage B-6.
650 0 _926221
_aAdministrative agencies.
942 _2ddc
_cPER
999 _c8472
_d8472